Представление документа в формате RUSMARC

ПолеНазваниеЗначение
  Тип записи a
  Библиографический уровень a
001 Контрольный номер RU/REG73/CBS_GRAD/b2f02e355ec74f2499cc966e05807b4c
005 Дата корректировки 20251021135843.1
100 Данные общей обработки __
a Данные общей обработки 20230919 ||| 0rusy0189 ca
101 Язык документа 0_
a Язык текста rus
102 Страна публикации __
a Страна публикации RU
200 Заглавие и сведения об ответственности 1_
a Заглавие Вестник любви
f Первые сведения об ответственности Г. Судовцев
e Сведения, относящиеся к заглавию К 100-летию Расула Гамзатова
215 Физическое описание __
a Объем С. 7.
461 Уровень набора _0
1 2000
a Завтра
463 Уровень физической единицы _0
1 2000
8
v №35 (сентябрь)
1 2101
d 2023
1 001RU/REG73/CBS_GRAD/ad11019ed8d54ceb9b89c3f1e7a3accb
600 Персоналии _1
a Персоналии (Фамилия) Гамзатов
b Персоналии (Имя, инициалы) Расул
606 Тематические рубрики 0_
a Основная рубрика Советская поэзия
610 Ключевые слова 0_
a Ключевые слова Гамзатов
686 Индексы других классификаций __
a Классификационный индекс 83.3(2 Рос=Рус)6
2 Код системы rubbk
700 Автор _1
a Фамилия Судовцев
g Полное личное имя Георгий
801 Источник записи _0
a Страна RU
b Организация RuCBSGrad
c Дата составления 20230919
g Правила каталогизации RCR
801 Источник записи _1
a Страна RU
b Организация RuCBSGrad
c Дата составления 20230919
g Правила каталогизации RCR
852 Данные о местонахождении __
a Наименование организации МБУК ЦБС г. Димитровграда
m Каталогизатор Тенигина
901 Тип документа __
t Тип документа f
w Контрольный № источника RU/REG73/CBS_GRAD/ad11019ed8d54ceb9b89c3f1e7a3accb
909 Создатель записи __
a Создатель записи Тенигина